LIBRARY & INFORMATION CENTRE, KCAET, TAVANUR

ONLINE PUBLIC ACCESS CATALOGUE (OPAC)

Analysis and prediction of soil behaviour / (Record no. 8769)

MARC details
000 -LEADER
fixed length control field 00487cam a2200181ua 4500
003 - CONTROL NUMBER IDENTIFIER
control field OSt
008 - FIXED-LENGTH DATA ELEMENTS--GENERAL INFORMATION
fixed length control field 250415b |||||||| |||| 00| 0 eng d
020 ## - INTERNATIONAL STANDARD BOOK NUMBER
ISBN 81-224-0633-5
041 ## - LANGUAGE CODE
Language code of text/sound track or separate title eng
082 ## - DEWEY DECIMAL CLASSIFICATION NUMBER
Classification number 624.151
Item number NAG/AN
100 ## - MAIN ENTRY--AUTHOR NAME
Personal name Nagaraj, T.S .
245 ## - TITLE STATEMENT
Title Analysis and prediction of soil behaviour /
260 ## - PUBLICATION, DISTRIBUTION, ETC. (IMPRINT)
Place of publication New Delhi :
Name of publisher Wiley Eastern Ltd ,
Year of publication 1994.
300 ## - PHYSICAL DESCRIPTION
Number of Pages 294 ; .
700 1# - ADDED ENTRY--PERSONAL NAME
Personal name Srinivasa Murthy, B.R .
700 1# - ADDED ENTRY--PERSONAL NAME
Personal name Vatsala, A .
942 ## - ADDED ENTRY ELEMENTS (KOHA)
Koha item type Books
Holdings
Withdrawn status Lost status Damaged status Home library Current library Date acquired Full call number Accession Number Koha item type
      KAUAET KAUAET 07/04/2012 624.151 NAG/AN 18677 Books
      KAUAET KAUAET 07/04/2012 624.151 NAG/AN 18676 Books
free website counter